LEADER 01072nam0 22002771i 450 001 UON00282069 005 20231205103841.417 010 $a96-16-46522-8 100 $a20061016d2003 |0itac50 ba 101 $aslv 102 $aSI 105 $a|||| 1|||| 200 1 $aNasmeh pod solzami$eslovenske balade in romance od Deva do Mlakarja$fZbral, uredil in spremno besedo napisal Peter Svetina$gilustriral Damijan Stepan?i? 210 $aLjubljana$cModrijan$d2003 215 $a414 p.$cill.$d23 cm. 620 $aSI$dLubiana$3UONL002905 676 $a891.84$cLetteratura slovena$v21 702 1$aSTEPAN?I?$bDamjan$3UONV163356 702 1$aSVETINA$bPeter$3UONV163355 712 $aModrijan$3UONV272345$4650 801 $aIT$bSOL$c20240220$gRICA 899 $aSIBA - SISTEMA BIBLIOTECARIO DI ATENEO$2UONSI 912 $aUON00282069 950 $aSIBA - SISTEMA BIBLIOTECARIO DI ATENEO$dSI SLOVENO A I 0109 $eSI EO 38799 5 0109 996 $aNasmeh pod solzami$91245069 997 $aUNIOR